| 000 | 00561nam a2200205 a 4500 | ||
|---|---|---|---|
| 005 | 20140310183154.0 | ||
| 008 | 970101s19uu xx 00 eng d | ||
| 020 | _a0943518970 | ||
| 050 |
_aQA 76.76 _b.K94 1988 |
||
| 100 | _aKruman, Rob | ||
| 245 |
_aWorldPerfect 5.0 / _cRob Kruman. |
||
| 260 |
_aOregon : _bManagement Information Sources, _c1988. |
||
| 300 |
_a661 p. : _bill. ; _c25 cm. |
||
| 500 | _aIncludes index. | ||
| 521 | _aIT | ||
| 650 | _aWorldperfect (computer file) | ||
| 650 | _aWord processing | ||
| 942 |
_cBK _2lcc _kFOR |
||
| 999 |
_c19723 _d19723 |
||